000 01374nam0a2200385 4500
001 RU\NLR\bibl\830866
005 20250614141535.0
010 _a5-17-025608-6
_bАСТ
010 _a5-271-08527-9
_93000
_bАстрель
021 _aRU
_b2005-18450
_9938
035 _a(NLR Aleph) 000819736
090 _a1293505
_c1293505
100 _a20050812d2005 |||y0rusy50 ca
101 0 _arus
102 _aRU
105 _aa |||||||||
200 1 _aЯнтарь
_fВ. А. Воронов
210 _aМосква
_cАСТ
_cАстрель
_d2005
215 _a191 с.
_cил., цв. ил.
_d15
225 1 _aМини-энциклопедия
225 1 _aВсе обо всем
300 _aНа обл. авт. не указан
320 _aБиблиогр.: с. 191
606 1 _aЯнтарные художественные изделия
_jЭнциклопедии
_91945852
_3RU\NLR\auth\661177544
606 1 _aЯнтарь
_jПопулярные издания
_92399086
_3RU\NLR\auth\661430198
686 _aЩ125.7я20
686 _aД453.88я9
700 1 _4070
_aВоронов
_bВ. А.
_cпопуляризатор
_gВиктор Алексеевич
_9153409
_3RU\NLR\AUTH\770153447
801 0 _aRU
_bNLR
_c20050812
_grcr
801 1 _aRU
_bNLR
_c20050812
830 _aАвт. по кн
942 _cBOOK
980 _aNB